000
00250nam a2200109Ia 4500
008
230312s9999||||xx |||||||||||||| ||und||
082
_a
759.951
_b
QUN-M
100
_a
Qunze:arne
245
0
_a
Modern Contemporary
650
_a
Architecture
942
_c
BK
999
_c
14533
_d
14533